| 000 | 00893nam a2200241Ia 4500 | ||
|---|---|---|---|
| 005 | 20251020182456.0 | ||
| 008 | 200515s9999 xx 000 0 und d | ||
| 082 | _a624.051/R41 | ||
| 100 | _aRengifo Zevallos, Luis A. | ||
| 245 | 0 | _aQuincha Pre-Fabricada : fabricación de paneles, procesos constructivos | |
| 260 | _aLima | ||
| 260 | _bInstituto Nacional de Investigación y Normalización de la Vivienda | ||
| 260 | _c1987 | ||
| 300 | _ap. irregular | ||
| 300 | _bil. | ||
| 500 | _a1 ejemplar | ||
| 520 | _aInformación básica de la tecnología de la quincha Pre-Fabricada. Dicha información esta desarrollada con material fotográfico relevando lo más sustancial de la técnica tanto en la fabricación de paneles como en el proceso constructivo. La información deta | ||
| 650 | _aPANELES | ||
| 650 | _aPUB ININVI | ||
| 650 | _aQUINCHA | ||
| 942 | _cLIB | ||
| 999 |
_c1029 _d1029 |
||